Flash-Main Characters (Pre-Crisis) - Statistics

General Stats
  • This quiz has been taken 56 times
    33 since last reset
  • The average score is 24 of 150
Answer Stats
Hint Answer % Correct
(Earth-1) Forensic investgator turned metahuman speedster. Also the Self-Professed god of speed. (Remnant, deceased-2016), (Savitar, deceased-2017). (Earth-2) Forensic scientist for CCPD. (deceased-2019) (Earth-53) Speedster for the New Reichsmen. (deceased-2019) (Doomworld) (deceased). (Flashpoint) Former speedster enjoying life with his parents. (Elseworld) Vigilante Archer Det. Bartholomew H. 'Barry' Allen/The (Negative) Flash/Savitar/Blitzkrieg/Green Arrow
90%
(Earth-1) Wheelchair bound scientist (deceased-2000). (Earth-2) Scientist blackmailed into helping a metahuman villain. (deceased-2019) (Earth-12) German Author/Scientist. (deceased-2019) (Earth-13) Wizard with a strking resemblence to Gandalf the Grey. (deceased-2019) (Earth-17) British Scientist. (deceased-2019) (Earth-19) Eccentric Inspirationalist brought to Earth-1. (deceased-2017). (Earth-22) Australian Cyborg. (deceased-2019) (Earth-24) Positive former Council of Wells Member. (deceased-2019) (Earth-25) Poet. (deceased-2019) (Earth-27) (deceased-unknown) (Earth-47) Texan Billionaire, Playboy and Inventor. (deceased-2019) (Earth-unknown) Intelligent southern Cowboy. (deceased-2019) (Earth-unknown) Intelligent French Pantomime. (deceased-2019) (Earth-unknown) Indiana Jones-esque scientist (deceased-2019). Dr. Harrison 'Harry' Wells/Harrison W. Wells/Harrison R. 'H.R.' Wells/Wells 2.0/Harrison 'Sonny' Wells/ Harrison P. 'H.P.' Wells/Harrison L. Wells/Hells Wells/Wells the Grey/Harrison 'Sherloque' Wells/Dr. Harrison N. 'Nash' Wells/Pariah
90%
(Earth-1) Respectable citizen framed for his wife's murder and incarcerated in Iron Heights Penitentiary, later released (deceased-2016) (Earth-2) Lives happily with his wife. (deceased-2019) (Earth-3) Speedster hero. (deceased-2019) (Earth-90) Speedster. (deceased-2019) (Flashpoint) Lives happilly with his wife Dr. Henry Allen (née Garrick)/Jason 'Jay' Garrick/Bartholomew 'Barry' Allen/The Flash
90%
(Earth-1) Technical Expert for S.T.A.R Labs who can view alternate timelines. (deceased-2019) (Earth-2) Metahuman villain who can view alternate timelines.(deceased-2016) (Earth-19) Criminal who provides other criminals with new identities. (deceased-2019) (Earth-53) Freedom Fighter's Breacher (Flashpoint) CEO of Ramon Industries (Elseworld-2) Crime boss (CEO) Francesco B. 'Cisco' Ramon/Vibe/Reverb/Echo
86%
(Earth-1) Bioengineer and medical officer at S.T.A.R Labs. (deceased-2019) (Earth-2) Cryokinetic metahuman.(deceased-2016) (Flashpoint) Medical doctor. (Elseworld-2) Subordinate of the fake "Man of Steel" Dr. Caitlin 'Cait' Raymond (née Snow)/(Killer) Frost
86%
22nd Century Speedster capable of Time Travel, disguised in 2015 as a Wheelchair bound scientist. (deceased-2015, 2019, Time Remnants-1916) Prof. Eobard Thawne/Reverse Flash/Harrison Wells
76%
(Earth-1) Investigative Journalist for CCPN. (deceased-2019) (Earth-2) Detective for CCPD (deceased-2019) Iris A. West-Allen
71%
(Earth-1) Engineer at S.T.A.R Labs who gets Pyrokinetic abilities. (deceased-2015) (Earth-2) Pyrokinetic villain. (deceased-2016) Ronald 'Ronnie' Raymond/Firestorm/Deathstorm
71%
(Earth-1) Innocent civilian. (deceased-2019) (Earth-2) Speedster villain. (deceased-2016), later becomes the Black Flash. (deceased-2017) Hunter Zolomon/Zoom
67%
Hyper-Intelligent and telepathic gorilla. (deceased-2019) Grodd
62%
(Earth-1) CCPD Detective in charge of hunting metahumans. (deceased-2019) (Earth-2) Musician with poor family relationships. (deceased-2016) (Cpt.) Joseph 'Joe' West
57%
Criminal speedster from the 2040s. (deceased-2019) August Heart/Godspeed
52%
Criminal who can control the weather. (deceased-2019) Marcus 'Mark' Mardon/Weather Wizard
52%
Speedster from the future. (Future version- deceased-2049) ICSI. Eleanor 'Nora' West-Allen Jr./XS
48%
(Earth-2) Scientific prodigy from now displaying Speedster powers. (deceased-2019) (Earth-90) (deceased-unknown) Jesse C. Wells/Jesse Quick
43%
The fastest mind alive. (body deceased-2017, mind deceased-2018) Prof. Clifford DeVoe/The Thinker
43%
Time-travelling criminal with advanced 'magic' technology. (deceased-2017) Abra Kadabra
38%
(Earth-1) The Dark Knight. (deceased-2019) (Earth-38) Gotham City's Vigilante. (deceased-2019) (Earth-99) Bitter, Kryptonian hating crippled former hero (deceased-2019) Bruce Wayne/Batman
38%
(Earth-1) Mother of a Metahuman Speedster (deceased-2000, saved then later killed again to reset Flashpoint). (Earth-2) Remains happily married. (deceased-2019) (Earth-3) Wife of this univeres's speedster. (deceased-2019) Eleanor T. 'Nora' Allen/Joan Williams
38%
Bus Meta with unending stretchability. (deceased-2019) PI. Ralph Dibny/The Elongated Man
38%
Metahuman turned criminal who can travel through reflective surfaces. (deceased-2019) Samuel 'Sam' Scudder/Mirror Master
38%
The future iteration of the metahuman serial killer. (Future version- deceased-2019) Grace Gibbons/Cicada
33%
Meta-Human serial killer (deceased-2019) Orlin Dwyer/Cicada
33%
(Earth-1) Marine biologist (deceased-2013) (Earth-2) Metahuman hybrid (deceased-2019) Shay Lamden/King Shark
33%
(Earth-1) Former Drag Racer turned metahuman speedster. (deceased-2019) (Flashpoint) The fastest man alive Wallace 'Wally' West/Kid Flash
33%
Daughter of a weather controlling criminal. (deceased-2019) Jocelyn 'Joss' Jackam/Weather Witch
29%
(Earth-1) Nuclear plant worker. (deceased-2015) (Earth-2) Metahuman capable of growing large sizes and incredible strength. (deceased-2015) Albert 'Al' Rothstein/Atom Smasher
24%
A young copycat of an incarcerated terrorist. (deceased-2019) Axel Walker/The Trickster
24%
(Earth-203) Daughter of a Gotham City Detective and vigilante. (deceased-2019) Barbara 'Babs' Gordon/Batgirl/Oracle
24%
(Earth-19) Metahuman who can view alternate timelines (deceased-2019) Cynthia Reynolds/Gypsy
24%
(Earth-1) Arkham Asylum doctor. (deceased-2019) (Elseworld-2) The fake Man of Steel. Dr. Jonathan 'John' Deegan/Superman
24%
(Earth-1) Terrorist incarcerated in Iron Heights. (deceased-2019) (Earth-3) Psychotic criminal. (deceased-2019) James Jesse/The Trickster
24%
Bus Meta who can control technology. (deceased-2018) Ramsey Deacon/Kilg%re
24%
(Earth-1) A former criminal turned intern for the Central City Citizen. (deceased-2019) (Earth-719) Adopted daughter of the adventuring scientist. (deceased-2019) Allegra Garcia/Maya
19%
Metahuman who can turn his skin into steel. (deceased-2014, later revived and deceased-2015) Anthony 'Tony' Woodward/Girder
19%
Recent transferred detective to CCPD. (deceased-2015) Det. Edward 'Eddie' Thawne
19%
Right hand of, and wife to, the fastest mind alive. (deceased-2019) Dr. Marlize DeVoe/The Mechanic
19%
Embittered Genius with sonic gloves. (deceased-2019) Hartley Rathaway/Pied Piper
19%
Bus Meta musician who creates sonic waves, using her fiddle. (deceased-2018) Isabella 'Izzy' Bowin/The Fiddler
19%
(Earth-19) Bounty hunter and father to Earth-19's 'Vibe' (deceased-2019) Joshua 'Josh' Reynolds/Breacher
19%
(Earth-1) Journalist for CCPN. (deceased-2019) (Earth-2) Easily startled and paranoid thief. (deceased-2019) Linda Park/Dr. Light
19%
Mysterious alien with seemingly infinite power. (deceased-2019) Mar Novu/The Monitor
19%
A powerful and malevolent cosmic being. Mobius/The Anti-Monitor
19%
Female criminal that causes feelings of vertigo. (deceased-2019) Rosalind 'Rosa' Dillon/The Top
19%
Metahuman capable of slowing time. (deceased-2016) Russell Glosson/The Turtle
19%
Metahuman who can create Earthquakes (deceased-2019) Adam Fells/Geomancer
14%
Ivo Laboratories creation designed to replicate meta-human abilites. (deceased-2018) A.M.A.Z.O.
14%
A scientist with his consciousness stored in a black hole. (deceased-2019) Chester P. Runk
14%
(Earth-1) Former CCPD Officer, now studying Forensic Science at Midway City University. (deceased-2019) (Earth-2) CCPD CSI. (deceased-2019) Det. Patricia 'Patty' Spivot
14%
Intelligent geneticist with a dark secret. (deceased-2019) Dr. Thomas Snow/Icicle
14%
AI from the future, presumably based off the AI of the Waverider. (deceased-2019) G.I.D.E.O.N.
14%
(Earth-203) Daughter of her Earth's Dark Knight and Catwoman (deceased-2019) Helena Kyle/Huntress
14%
Metahuman who can turn himself into a cloud of poisonous mist.(deceased-2019) Kyle Nimbus/Mist
14%
Psychotic contortionist. (deceased-2019) Peter Merkel/Rag Doll
14%
Bus Meta who can influence her own luck. (deceased-2018) Rebecca 'Becky' Sharpe/Hazard
14%
Metahuman who can teleport. (deceased-2019) Shawna Baez/Peek-A-Boo
14%
Bus Meta who can shrink objects. (deceased-2018) Sylbert Rundine/Dwarfstar
14%
(Earth-19) Metahuman Speedster (deceased-2019) The Accelerated Man
14%
(Earth-1) Central City Police Captain. (Earth-2) Criminal (deceased-2019) COP David Singh
10%
Scientist turned Metahuman capable of self-replication. (deceased-2014) Danton Black/Multiplex
10%
New Forensic Detective at CCPD, secretly a villain restoring powers of Metahumans from Flashpoint. (deceased-2019) Det. Julian Albert/Dr. Alchemy
10%
A physician determined to defy nature and bring an end to death. (deceased-2019) Dr. Ramsey Rosso/Bloodwork
10%
(Earth-1) Speedster given powers by the Philosopher's Stone. (deceased-2016) (Flashpoint) Evil speedster of this timeline.(deceased-2016) Edward Clariss/The Rival
10%
(Earth-1) Career Arsonist. (deceased-2019) (Earth-2) Metahuman who can turn part of his body mass to sand. (deceased-2016) Edward 'Eddie' Slick/Sand Demon
10%
Aspiring criminal with a gun that turns things to gold. (deceased-2019) Elizabeth 'Lisa' Snart/Golden Glider
10%
A meta able to affect the EM Spectrum. (deceased-2019) Esperanza Garcia/Ultraviolet
10%
Metahuman who can harness electricity. (deceased-2014) Farooq Gibran/Blackout
10%
Ex-wife of a CCPD detective diagnosed with MacGregor's syndrome, a terminal illness. (deceased-2016) Francine West
10%
Metahuman with the ability to shapeshift. (deceased-2015) Hannibal Bates/Everyman
10%
Meta with the power to control gold. Keith/Goldface
10%
Supervillain black market dealer. (deceased-2019) Leslie Jocoy/Amunet Black
10%
(Earth-38) Reporter for the Daily Planet. (deceased-2019) Lois Lane
10%
Bus Meta who can animate inanimate objects. (deceased-2018) Mina Chayton/Black Bison
10%
(Earth-BL) Principal of Garfield High and superhero (deceased-2019) P. Jefferson' Jeff' Pierce/Black Lightning
10%
Metahuman able to induce rage in others (deceased-2019) Roy G. Bivolo/Rainbow Raider
10%
(Earth-666) Owner of the Lux nightclub in Los Angeles, CA. Fallen Angel and son of god. (presumed deceased-2019) Samael/Lucifer Morningstar
10%
(Earth-2) Leader of Gorilla City (deceased-2019) Solovar
10%
Bus Meta with 'love-drug' tears. (deceased-(2017-2018)) The Weeper
10%
Mother of the second Trickster, and partner to both Tricksters. (deceased-2019) Zoey Clark/Prank
10%
Narcissistic criminal genius and rival to Team Arrow's tech support. (deceased-2019) Brie Larvan/Bug Eyed Bandit
5%
(Earth-1) Metahuman that accelerates decay. (deceased-2019) (Flashpoint) Degenerate Clive Yorkin
5%
Bank Robber and Murderer turned Metahuman who can control the weather. (deceased-2014) Clyde Mardon
5%
(Earth-1) Slacker.(deceased post-Flashpoint) (Earth-2) Scythe wielder. (deceased-2016) Dante Ramon/Rupture
5%
Bus Meta mind-reader. (deceased-2017) Dominic Lanse/Brainstorm
5%
Biomedical engineer and CEO of a major research company. (deceased-2019) Dr. Carla Tannhauser
5%
(Earth-1) Scientist affected by the Particle Accelerator explosion. (deceased-2019) (Earth-2) Scientist working at S.T.A.R Labs. (deceased-2019) Dr. Henry Hewitt/Tokamak
5%
Bus Meta who can access different dimensions. (deceased-2018) Edwin Gauss/The Folded Man
5%
Exceptional scientist with Split-Personalities, becomes a speedster using Velocity-9. (deceased-2016) Elizabeth 'Eliza' Harmon/Trajectory
5%
Bus Meta capable of swapping people's DNA. (deceased-2018) EMT. Matthew Kim/Melting Point
5%
U.S military officer trying to abduct Metahumans for military use. (deceased-2019) Gen. Wade Eiling
5%
(Earth-9) One member of a vigilante duo (deceased-2019) Henry 'Hank' Hall/Hawk
5%
Metahuman able to harness and weaponize plasma energy.(deceased-2015) Jacob 'Jake' Simmons/Deathbolt
5%
Bus Meta who can control gravitational pull. (deceased-2018) Janet Petty/Null
5%
Eyepatch-wearing villain awaiting prosecution.. (deceased-2019) Jared Morillo/Plunder
5%
Metahuman capable of transforming into molten asphalt. (deceased-2019) Joseph 'Joey' Monteleone/Tar Pit
5%
Central City Bartender. (deceased-2019) Kamilla Hwang
5%
(Earth-X) Robot fighting for the New Reichsmen (deceased-2017) Metallo
5%
Extradimensional hypnotist and power siphoner. (presumed deceased-2019) Music Meister
5%
Bus Meta who emits radiation. (deceased-2018) Neil Borman/Fallout
5%
(Earth- unknown) Decorated police officer and agent of God (deceased- unknown) Ofc. James 'Jim' Corrigan/The Spectre
5%
Only person to remember the true events of the 2024 Crisis. (deceased-2019) Roger Hayden/Psycho Pirate
5%
Mother to William Queen (deceased-2017) Samantha Clayton
5%
New Head Editor at CCPN. (deceased-2019) Scott Evans
5%
Former EOD and metahuman who can cause anything she touches to explode. (deceased-2014) Sgt. Elizabeth 'Bette' Sans-Souci/Plastique
5%
Social Media influencer (deceased-2019) Spencer Young/Spin
5%
Metahuman capable of creating force shields. (deceased-2018) Vanessa Jansen/Block
5%
Iron Heights warden. (deceased-2018) Warden Gregory Wolfe
5%
Super-strong Metahuman with lightning powers. (deceased-2018) William Lang/Gridlock
5%
Industrialist and Philanthropist. (deceased-2014) CEO Simon Stagg
0%
Wife of Nuclear Physicist. (deceased-2019) Clarissa Stein
0%
(Earth-1) Saxophonist. (deceased-2017) (Flashpoint) Officer of the CCPD. (Cpt.) Julio Mendez
0%
(Earth-19) Scarred Brute and enemy of one of Earth-19's Vibes. (deceased-2019) Crucifer
0%
CSI from the 2040's (deceased-2049) CSI. Lia Nelson
0%
Central City DA and lover of a CCPD Detective. (deceased-2019) DA. Cecille Horton
0%
Iron Heights inmate and friend of the senior Allen. (deceased-2019) David 'Dave' Ratchet/Big Sir
0%
Mother to the stretchable Bus Meta. (deceased-2019) Deborah 'Debbie' Dibny
0%
CCPD Officer who dislikes all metahumans. (deceased-2019) Det. Thomas 'Tom' Patterson
0%
Head of Mercury Labs. (deceased-2019) Dir. Christina 'Tina' McGee
0%
Scientist that a geneticist kept in contact with, while in isolation. (deceased-2019) Dr. Louise Lincoln
0%
Mother of the physician looking to end death (deceased-2019) Dr. Rachel Rosso
0%
Scientist who designs the 3rd version (5th actual suit) of the Flash suit. Dr. Ryan Choi
0%
Anti-meta widow. (deceased-2019) Dr. Vanessa Ambres
0%
Scientist that a geneticist kept in contact with, while in isolation. (deceased-2019) Dr. Victor Fries
0%
Old "friend" of a PI. (deceased-2019) Earl Cox
0%
Cryogenically frozen MacGregor's Syndrome victim. (deceased-2019) Eleanor 'Nora' Fries
0%
Co-Founder of McCulloch Industries. (deceased-2019) Evelyn 'Eva' McCulloch
0%
Metahuman capable of contolling metal. (deceased-2019) Frances 'Frankie' Kane/Magenta
0%
Metahuman with super strength searching for a cure for terminal Progeria (deceased-2016) Griffin Grey
0%
Heavy Metal enthusiast. (deceased-2019) Jacob 'Jaco' Birch
0%
A crime boss seeking to purchase the "Ring of Fire" satellite. (deceased-2019) January Galore
0%
Hudson University graduate and member of the F.I.R.E.S.T.O.R.M project. (deceased-2019) Jason Rusch
0%
(Earth-9) Second sidekick to his universe's Dark Knight (deceased-2019) Jason Todd/Robin II
0%
Child of a CCPD Detective and a District Attorney. (deceased-2019) Jennifer M. 'Jenna' West
0%
2nd most prolific Arsonist in Central City. (deceased-2019) Lucius Coolidge/Heatmonger
0%
CCPN Reporter investigating the murder of Simon Stagg. (deceased-2015) Mason Bridge
0%
Metahuman with a false eye. (deceased-2019) Matthew Norvock
0%
A black-market arms dealer turned zombie. (deceased-2019) Mitchell 'Mitch' Romero
0%
Former police officer and career criminal. (deceased-2015) Ofc. Lewis Snart
0%
Meta-Human with sword hands (deceased-2018) Raelene/Razorsharp
0%
(Earth-19) Inventor of the Facial Transmogrifier. (deceased-2019) Randolph Morgan
0%
Meta-tech user who can control motorized technology. (deceased-2019) Raya van Zandt/Silver Ghost
0%
(Earth-1) Hero who emits bursts of light. (deceased-2019) (Earth-53) (deceased-unknown) (Earth-90) (deceased-unknown) Raymond 'Ray' Terril/The Ray
0%
A German arms dealer selling the "Ring of Fire" satellite. (deceased-2019) Remington Meister
0%
Metahuman capable of appearing as a shadow. (deceased-2019) Shade
0%
A missing socialite (deceased-2019) Susan 'Sue' Dearbon
0%
Wife of the marine biologist. (deceased-2019) Tanya Lamden
0%
Wife of the deceased Harrison Wells. (deceased-2000) Theresa 'Tess' Morgan
0%
Future Genius. (deceased-2019) Tracy Brand
0%
Eco-Terrorist determined to return humanity to a pre-industrial age. (deceased-2019) Veronica Dale
0%
(Earth-19) New leader of the Breachers (deceased-2019) Zak Zeal
0%
No matching quizzes found
Score Distribution
Percent of People with Each Score
Percentile by Number Answered
Your Score History
You have not taken this quiz since the last reset